Assessing financing, education, management and policy context for strategic planning of human resources for health

Bibliographic Details
Corporate Authors: World Health Organization., ProQuest (Firm)
Other Authors: Bossert, Thomas J.
Format: Electronic eBook
Language:English
Published: Geneva : World Health Organization, 2007.
Subjects:
Online Access:Click to View
LEADER 01437nam a2200337 a 4500
001 EBC344006
003 MiAaPQ
005 20200520144314.0
006 m o d |
007 cr cn|||||||||
008 081107s2007 sz a sb 000 0 eng d
020 |z 9789241547314 
035 |a (MiAaPQ)EBC344006 
035 |a (Au-PeEL)EBL344006 
035 |a (CaPaEBR)ebr10227080 
035 |a (OCoLC)476159358 
040 |a MiAaPQ  |c MiAaPQ  |d MiAaPQ 
050 4 |a RA390.U6  |b B67 2007 
245 0 0 |a Assessing financing, education, management and policy context for strategic planning of human resources for health  |h [electronic resource] /  |c Thomas Bossert ... [et al.]. 
260 |a Geneva :  |b World Health Organization,  |c 2007. 
300 |a 86 p. :  |b ill. 
504 |a Includes bibliographical references. 
505 0 |a pt. 1. Status of human resources for health -- pt. 2. Policy levers affecting human resources for health -- pt. 3. Health workforce policy development. 
533 |a Electronic reproduction. Ann Arbor, MI : ProQuest, 2015. Available via World Wide Web. Access may be limited to ProQuest affiliated libraries. 
650 0 |a Medical assistance, American. 
650 0 |a Medical personnel. 
655 4 |a Electronic books. 
700 1 |a Bossert, Thomas J. 
710 2 |a World Health Organization. 
710 2 |a ProQuest (Firm) 
856 4 0 |u https://ebookcentral.proquest.com/lib/matrademy/detail.action?docID=344006  |z Click to View